000
00294nam a2200121Ia 4500
008
231228s2000 xx 000 0 und d
041
_a
eng
082
_a
4.6
_b
DER
100
_a
DERFLER (F.J.)
245
_a
Practical Networking
260
_a
New Delhi
_b
P.H.I.(3E) E
_c
2000
300
_a
IX,543
999
_c
1086121
_d
1086121